نظرية الحركة عند فلاسفة اليونان : ارسطو طاليس انموذجا

Bibliographic Details
Main Author: معلة، جميل حليل نعمة (Author)
Format: Book
Language:Arabic
Published: عمان : دار غيداء للنشر والتوزيع 2020
Edition:الطبعة الاولى
Subjects:

MARC

LEADER 00000cam a2200000 7i4500
001 0000098521
005 20200910093000.0
008 200622s2020 jo ara
020 |a 9789957966997 
040 |a UniSZA   |e rda 
050 0 0 |a B485   |b .M85 2020 
090 0 0 |a B485   |b .M85 2020 
100 1 |a معلة، جميل حليل نعمة ,   |e author 
241 1 0 |a Nazariyah al-harakat `inda falasaf al-yunan   |b Aristu talis anmudhajan 
245 1 0 |a نظرية الحركة عند فلاسفة اليونان :   |b ارسطو طاليس انموذجا   |c ا. د. جميل حليل نعمة المعلة 
250 |a الطبعة الاولى 
264 1 |a عمان :   |b دار غيداء للنشر والتوزيع   |c 2020 
300 |a 204 pages ;   |c 24 cm. 
336 |a text  |2 rdacontent 
337 |a unmediated  |2 rdamedia 
338 |a volume  |2 rdacarrier 
504
600 0 |a Aristotle 
650 0 |a Movement (Philosophy) 
650 0 |a Philosophy, Ancient 
999 |a 1000179651   |b Book   |c OPEN SHELF (30 DAYS)   |e Gong Badak Campus